Las políticas sociales en las sociedades complejas

Sparad:
Bibliografiska uppgifter
Huvudupphovsmän: Herrera Gómez, Manuel (Författare, medförfattare), Castón Boyer, Pedro (Författare, medförfattare)
Materialtyp: Bok
Språk:spanska
Publicerad: Barcelona Ariel 2003
Upplaga:1a. ed
Serie:Ariel Sociología
Ämnen:
Taggar: Lägg till en tagg
Inga taggar, Lägg till första taggen!

MARC

LEADER 00000cam a2200000 a 4500
001 UCE5456
003 CL-VaPUC
008 150109e20031000sp |||||||||||||||||spa|d
020 |a 8434417057 
082 0 4 |a 301  |b HER  |2 21 
100 |a Herrera Gómez, Manuel  |e author  |9 578095 
700 0 |a Castón Boyer, Pedro  |e author  |9 578096 
245 1 4 |a Las políticas sociales en las sociedades complejas 
250 |a 1a. ed 
300 |a 245 p 
942 |c BK 
945 |d 20150109 08:57:00  |a arojas 
260 |a Barcelona  |b Ariel  |c 2003 
650 0 |a Interacción social   |9 307764 
650 0 |a Psicología social   |9 222894 
650 0 |a Desarrollo cultural y social   |9 432209 
650 0 |a Cambio social   |9 256857 
583 |a last modification  |c 20150109 08:57:00  |k Rodrigo Vera 
490 0 |a Ariel Sociología 
999 |c 358174  |d 358172 
952 |0 0  |1 0  |3 erb  |4 0  |6 301_000000000000000_HER_2003  |7 0  |8 A  |9 466718  |a BIBGIM  |b BIBGIM  |i 5133858  |o 301 HER 2003  |p 5133858  |r 2025-01-15  |w 2019-11-23  |y BK  |z Catalogado en:20150109  |k SSL